00965nam a22002057a 450000500170000000800410001702000180005805000230007610000270009924000400012624501020016625000180026826000460028630000540033250400780038650501960046465000330066065000210069370000450071420231102151844.0140427s2015 mx ao||| |||| 001 0 spa d a978607323311804aHF5549bD4718 20151 aDessler, Garye, autor10aHuman resourse managemenlespañol10aAdministración de recursos humanosc / Gary Dessler ; traducción, Leticia Esther Pineda Ayala a14a edición aMéxicob : Pearson Educaciónc , 2015 axxvi, 524 páginasb : ilustraciones, gráficas aIncluye contenido, prefacio, apéndices, glosario e índice analítico2 aIntroducción Reclutamiento, colocación y administración del talento Capacitación y desarrollo Remuneración Temas complementarios en la administración de recursos humanos 14aADMINISTRACIÓN DE PERSONAL24aRECURSOS HUMANOS1 aPineda Ayala, Leticia Estheretraductora